The missing cupcake mystery / (Record no. 7874)
[ view plain ]
| 000 -LEADER | |
|---|---|
| fixed length control field | 01129nam a22003017a 4500 |
| 001 - CONTROL NUMBER | |
| control field | 7874 |
| 003 - CONTROL NUMBER IDENTIFIER | |
| control field | FISKH |
| 005 - DATE AND TIME OF LATEST TRANSACTION | |
| control field | 20250812162621.0 |
| 008 - FIXED-LENGTH DATA ELEMENTS--GENERAL INFORMATION | |
| fixed length control field | 250812b cb ||||| |||| 00| 0 eng d |
| 020 ## - INTERNATIONAL STANDARD BOOK NUMBER | |
| International Standard Book Number | 9780545642286 |
| 040 ## - CATALOGING SOURCE | |
| Original cataloging agency | FISKH |
| Language of cataloging | eng |
| Transcribing agency | FISKH |
| Modifying agency | FISKH |
| 050 ## - LIBRARY OF CONGRESS CALL NUMBER | |
| Classification number | PZ7.D9187 M |
| 082 ## - DEWEY DECIMAL CLASSIFICATION NUMBER | |
| Classification number | 972 |
| 100 ## - MAIN ENTRY--PERSONAL NAME | |
| Personal name | Dungy, Tony |
| Dates associated with a name | (1955-) |
| 245 ## - TITLE STATEMENT | |
| Title | The missing cupcake mystery / |
| Statement of responsibility, etc. | Written by Tony and Lauren Dungy with Nathan Whitaker ; Illustrated by Vanessa Brantley Newton |
| 250 ## - EDITION STATEMENT | |
| Edition statement | This edition first published in 2013 |
| 260 ## - PUBLICATION, DISTRIBUTION, ETC. | |
| Place of publication, distribution, etc. | New York : |
| Name of publisher, distributor, etc. | Scholastic, |
| Date of publication, distribution, etc. | 2013 |
| 300 ## - PHYSICAL DESCRIPTION | |
| Extent | 30 unnumbered pages : |
| Other physical details | color illstrations ; |
| Dimensions | 23 cm |
| 505 ## - FORMATTED CONTENTS NOTE | |
| Formatted contents note | G<br/> |
| 520 ## - SUMMARY, ETC. | |
| Summary, etc. | Justin, Jordan, and Jade's mother agrees to buy cupcakes if the trio will wait until after dinner to eat them, but one cupcake goes missing and until the mystery is solved, no one will get dessert.<br/> |
| 521 8# - TARGET AUDIENCE NOTE | |
| Target audience note | 420<br/> |
| Source | Lexile<br/> |
| 521 8# - TARGET AUDIENCE NOTE | |
| Target audience note | G<br/> |
| Source | Raz-Plus<br/> |
| 650 ## - SUBJECT ADDED ENTRY--TOPICAL TERM | |
| Source of heading or term | Honesty--Fiction |
| Topical term or geographic name entry element | Fic Ppl |
| 650 ## - SUBJECT ADDED ENTRY--TOPICAL TERM | |
| Source of heading or term | LOCATION: Early Readers |
| Topical term or geographic name entry element | Behavior Honesty |
| 700 ## - ADDED ENTRY--PERSONAL NAME | |
| Personal name | Newton, Brantley |
| Dates associated with a name | illustrator |
| 942 ## - ADDED ENTRY ELEMENTS (KOHA) | |
| Source of classification or shelving scheme | Dewey Decimal Classification |
| Koha item type | Books |
| Suppress in OPAC | No |
| Withdrawn status | Lost status | Source of classification or shelving scheme | Damaged status | Not for loan | Collection | Home library | Current library | Shelving location | Date acquired | Total Checkouts | Full call number | Barcode | Date last seen | Copy number | Price effective from | Koha item type |
|---|---|---|---|---|---|---|---|---|---|---|---|---|---|---|---|---|
| Dewey Decimal Classification | Juvenile Fiction | Footprints International School Library Network Toul Tom Poung Campus | Footprints International School Library Network Toul Tom Poung Campus | TTP Primary Dark Blue Bookshelves | 08/12/2025 | DUN 972 PZ7.D9187 M | 2025-4076 | 08/12/2025 | 1 | 08/12/2025 | Books |
